Microbial ecology : Fundamentals and applications

New edition of a comprehensive text, with chapters arranged in sections on ecology and evolution, population interactions, quantitative and habitat ecology, biogeochemical cycling, and biotechnological aspects of microbial ecology.

保存先:
書誌詳細
第一著者: Atlas, Ronald M.
フォーマット: 図書
言語:Undetermined
出版事項: Reading, Mass. Addison-Wesley Pub. Co. 1981
主題:
タグ: タグ追加
タグなし, このレコードへの初めてのタグを付けませんか!
Thư viện lưu trữ: Trung tâm Học liệu Trường Đại học Cần Thơ
LEADER 00813nam a2200205Ia 4500
001 CTU_192041
008 210402s9999 xx 000 0 und d
082 |a 579.17 
082 |b A881 
100 |a Atlas, Ronald M. 
245 0 |a Microbial ecology : 
245 0 |b Fundamentals and applications 
245 0 |c Ronald M. Atlas, Richard Bartha 
260 |a Reading, Mass. 
260 |b Addison-Wesley Pub. Co. 
260 |c 1981 
520 |a New edition of a comprehensive text, with chapters arranged in sections on ecology and evolution, population interactions, quantitative and habitat ecology, biogeochemical cycling, and biotechnological aspects of microbial ecology. 
650 |a Microbial ecology,Sinh thái vi khuẩn 
910 |a Hải 
980 |a Trung tâm Học liệu Trường Đại học Cần Thơ